000
00220 a2200097 4500
001
25201
100
_a
Henderson, W
245
_a
Physics unit II Electrical energy
260
_a
_b
Edward Arnold
_c
090
_c
16972
_d
16972
942
_a
NUST-CAE
_c
M
_c
7749
999
_c
260274
_d
260274